| 000 | 00000nam 2200000za 4500 |
| 001 | 9.560512 |
| 003 | CaOODSP |
| 005 | 20240527135425 |
| 007 | cr ||||||||||| |
| 008 | 150406s2006||||xxc|||||o f|0| 0 eng d |
| 020 | |a0-662-43230-4 |
| 040 | |aCaOODSP|beng |
| 043 | |an-cn--- |
| 086 | 1 |aCW69-14/463-2006E-PDF |
| 110 | 2 |aCanadian Wildlife Service. |
| 245 | 10|aCOSEWIC assessment and status report on the Blue shark, Prionace glauca, Atlantic population, Pacific population, in Canada |h[electronic resource] / |cCommittee on the Status of Endangered Wildlife in Canada. |
| 260 | |bEnvironment Canada. |c2006. |
| 300 | |a53p.|bgraphs, illus., maps, references, tables |
| 500 | |a"Atlantic population - special concern, Pacific population - data deficient, 2006". |
| 500 | |aAlso available in French under title: Évaluation et rapport de situation du COSEPAC sur le requin bleu (Prionace glauca), populations de l'Atlantique et du Pacifique au Canada. |
| 590 | |a07-04|b2007-01-26 |
| 690 | 07|aEndangered species|2gcpds |
| 690 | 07|aFish|2gcpds |
| 775 | 08|tÉvaluation et rapport de situation du COSEPAC sur le Requin bleu, Prionace glauca, population de l'Atlantique, population du Pacifique, au Canada |w(CaOODSP)9.593181 |
| 794 | |tCOSEWIC assessment and status report on the Blue shark, Prionace glauca, North Atlantic population, North Pacific population, in Canada |w(CaOODSP)9.833097 |
| 856 | 40|ahttp://publications.gc.ca|qPDF|s710 KB|uhttps://publications.gc.ca/collections/Collection/CW69-14-463-2006E.pdf|yNo. 463 |